[Event "DEN-ch G5-C"]
[Site "Helsingor"]
[Date "2013.03.28"]
[Round "1"]
[White "Andersen, Kirsten"]
[Black "Petersen, Torben William"]
[Result "1/2-1/2"]
[WhiteElo "1497"]
[BlackElo "1396"]
[PlyCount "88"]
[EventDate "2013.03.28"]
[EventType "swiss"]
[EventRounds "5"]
[EventCountry "DEN"]
[SourceTitle "EXT 2023"]
[Source "ChessBase"]
[SourceDate "2022.10.05"]
[SourceVersion "1"]
[SourceVersionDate "2022.10.05"]
[SourceQuality "1"]

1. e4 e6 2. Nf3 c5 3. d4 cxd4 4. Nxd4 Bc5 5. c3 Qb6 6. Na3 Bxa3 7. bxa3 Ne7 8. Bd3 d5 9. 0-0 0-0 10. Rb1 Qd8 11. e5 a6 12. Bg5 Qd7 13. f4 Nbc6 14. Nf3 b5 15. Kh1 Bb7 16. Qc2 Ng6 17. f5 exf5 18. Bxf5 Qe8 19. Rbe1 Bc8 20. Qd3 Bxf5 21. Qxf5 Qe6 22. Qc2 Rac8 23. Qd2 Rfd8 24. Bxd8 Rxd8 25. Nd4 Qe8 26. e6 f6 27. Nf5 Nce5 28. Nd4 Nf8 29. Re2 Nxe6 30. Rfe1 Ng5 31. Qf4 Qf8 32. Qc1 Nd3 33. Qd2 Nxe1 34. Qxe1 Rc8 35. Nf5 Ne4 36. Re3 Qxa3 37. c4 Qf8 38. cxd5 Nd6 39. Nxd6 Qxd6 40. Re8+ Rxe8 41. Qxe8+ Qf8 42. Qe6+ Qf7 43. Qc6 Qe7 44. h3 Qe1+ 1/2-1/2

[Event "Taastrup Quick Weekend 10th B3"]
[Site "Taastrup"]
[Date "2009.10.04"]
[Round "4"]
[White "Petersen, Torben William"]
[Black "Andersen, Troels Baekgaard"]
[Result "0-1"]
[WhiteElo "1556"]
[BlackElo "1266"]
[PlyCount "48"]
[EventDate "2009.10.02"]
[EventType "tourn"]
[EventRounds "5"]
[EventCountry "DEN"]
[SourceTitle "EXT 2023"]
[Source "ChessBase"]
[SourceDate "2022.10.05"]
[SourceVersion "1"]
[SourceVersionDate "2022.10.05"]
[SourceQuality "1"]

1. d4 d5 2. Nf3 Nf6 3. e3 Bf5 4. c4 e6 5. Nc3 c5 6. cxd5 Nxd5 7. Bb5+ Nc6 8. Ne5 Nxc3 9. bxc3 Rc8 10. Qa4 Qb6 11. Rb1 Bxb1 12. Ba3 Be7 13. 0-0 Bf5 14. c4 a6 15. Bxc6+ bxc6 16. d5 exd5 17. cxd5 0-0 18. e4 Bxe4 19. Nd7 Qb5 20. Qxe4 Rfe8 21. Qg4 cxd5 22. Re1 Rcd8 23. Ne5 Bd6 24. Qh5 Bxe5 0-1

[Event "Taastrup Quick Weekend 10th B3"]
[Site "Taastrup"]
[Date "2009.10.02"]
[Round "1"]
[White "Petersen, Torben William"]
[Black "Anker, Andy S"]
[Result "0-1"]
[WhiteElo "1556"]
[BlackElo "1289"]
[PlyCount "36"]
[EventDate "2009.10.02"]
[EventType "tourn"]
[EventRounds "5"]
[EventCountry "DEN"]
[SourceTitle "EXT 2023"]
[Source "ChessBase"]
[SourceDate "2022.10.05"]
[SourceVersion "1"]
[SourceVersionDate "2022.10.05"]
[SourceQuality "1"]

1. d4 f5 2. Bg5 g6 3. e3 h6 4. Bh4 Bg7 5. c4 Nf6 6. Bxf6 Bxf6 7. Nc3 0-0 8. Nge2 e6 9. Nf4 Kh7 10. Bd3 Nc6 11. a3 b6 12. g4 Bb7 13. Rg1 Bg5 14. gxf5 exf5 15. h4 Bxf4 16. exf4 Qxh4 17. Qd2 Nxd4 18. 0-0-0 Nb3+ 0-1

[Event "Lovfalds EMT 17th Basis 2"]
[Site "Ringsted"]
[Date "2003.09.21"]
[Round "4"]
[White "Vestergaard, Johannes"]
[Black "Petersen, Torben William"]
[Result "1/2-1/2"]
[WhiteElo "1609"]
[BlackElo "1496"]
[PlyCount "28"]
[EventDate "2003.09.19"]
[EventType "swiss"]
[EventRounds "5"]
[EventCountry "DEN"]
[SourceTitle "EXT 2023"]
[Source "ChessBase"]
[SourceDate "2022.10.05"]
[SourceVersion "1"]
[SourceVersionDate "2022.10.05"]
[SourceQuality "1"]

1. d4 e6 2. Nf3 Nf6 3. g3 d5 4. Bg2 Be7 5. 0-0 0-0 6. Bg5 Nbd7 7. Nbd2 b6 8. c4 Bb7 9. Qc2 Rc8 10. cxd5 Nxd5 11. Bxe7 Qxe7 12. a3 c5 13. dxc5 Rxc5 14. Qd3 Rd8 1/2-1/2

[Event "Frederikssund DSU 100 years F"]
[Site "Frederikssund"]
[Date "2003.02.09"]
[Round "4"]
[White "Petersen, Torben William"]
[Black "Jensen, Jonbert"]
[Result "1/2-1/2"]
[WhiteElo "1505"]
[BlackElo "1290"]
[PlyCount "91"]
[EventDate "2003.02.07"]
[EventType "tourn"]
[EventRounds "5"]
[EventCountry "DEN"]
[SourceTitle "EXT 2023"]
[Source "ChessBase"]
[SourceDate "2022.10.05"]
[SourceVersion "1"]
[SourceVersionDate "2022.10.05"]
[SourceQuality "1"]

1. d4 Nf6 2. Nf3 g6 3. c4 Bg7 4. Nc3 0-0 5. e4 d6 6. Be2 Nh5 7. Be3 e5 8. d5 Nf4 9. Bxf4 exf4 10. h3 c6 11. 0-0 Re8 12. Qc2 Qe7 13. Rae1 Na6 14. a3 Bd7 15. Rd1 Rac8 16. Bd3 Nc5 17. b4 Nxd3 18. Qxd3 Qf8 19. dxc6 Rxc6 20. Nb5 Be6 21. Rc1 a6 22. Nbd4 Rc7 23. Nxe6 fxe6 24. Rfd1 b5 25. Qxd6 Qxd6 26. Rxd6 Rxc4 27. Rxc4 bxc4 28. Rc6 Bb2 29. Rxc4 Bxa3 30. Rc6 Bxb4 31. Rxa6 Bc3 32. Ng5 e5 33. Re6 Rxe6 34. Nxe6 h6 35. Nc5 Kf7 36. Nd3 Kf6 37. Kf1 Kg5 38. Ke2 h5 39. Kf3 Kh4 40. Nc5 g5 41. Ne6 g4+ 42. hxg4 hxg4+ 43. Ke2 Ba5 44. Ng7 Bb6 45. Nf5+ Kg5 46. f3 1/2-1/2

[Event "Lovfalds EMT 16th Basis 2"]
[Site "Ringsted"]
[Date "2002.09.14"]
[Round "3"]
[White "Petersen, Torben William"]
[Black "Christoffersen, Jan"]
[Result "0-1"]
[WhiteElo "1315"]
[BlackElo "1271"]
[PlyCount "116"]
[EventDate "2002.09.13"]
[EventType "tourn"]
[EventRounds "5"]
[EventCountry "DEN"]
[SourceTitle "EXT 2023"]
[Source "ChessBase"]
[SourceDate "2022.10.05"]
[SourceVersion "1"]
[SourceVersionDate "2022.10.05"]
[SourceQuality "1"]

1. d4 Nf6 2. Nf3 d6 3. c4 g6 4. Nc3 Bg7 5. e4 0-0 6. Be2 c6 7. 0-0 e5 8. dxe5 dxe5 9. Qxd8 Rxd8 10. Bg5 h6 11. Bh4 Bg4 12. Nxe5 Bxe2 13. Nxe2 Re8 14. Bxf6 Bxf6 15. Ng4 Bxb2 16. Rab1 Bg7 17. Ng3 b6 18. Rfd1 Na6 19. Rd7 Nc5 20. Rc7 Nxe4 21. Rxc6 Nxg3 22. hxg3 Rac8 23. Rxc8 Rxc8 24. Rc1 b5 25. Ne3 Bd4 26. Nd5 Rxc4 27. Rxc4 bxc4 28. Nb4 c3 29. Nc2 Bg7 30. Kf1 f5 31. Ke2 Kf7 32. Kd3 Ke6 33. Nb4 Kd6 34. a4 Kc5 35. Nc2 a5 36. Ne3 Bd4 37. Nd1 c2 38. Kxc2 Kb4 39. Kd3 Bg7 40. Kc2 Kxa4 41. Kb1 Kb3 42. f3 a4 43. Ne3 a3 44. Nc2 a2+ 45. Kc1 a1Q+ 46. Nxa1+ Bxa1 47. Kd1 Kc4 48. Ke2 Bd4 49. f4 Kd5 50. Kf3 g5 51. g4 Ke6 52. g3 Kf6 53. gxf5 Kxf5 54. g4+ Kf6 55. f5 Ke5 56. Kg3 Ke4 57. Kg2 Kf4 58. Kh3 Kf3 0-1

[Event "Lovsprings op-C 13th"]
[Site "Ringsted"]
[Date "2002.04.09"]
[Round "4"]
[White "Petersen, Torben William"]
[Black "Larsen, Dennis"]
[Result "1/2-1/2"]
[WhiteElo "1365"]
[BlackElo "1584"]
[PlyCount "203"]
[EventDate "2002.03.08"]
[EventType "swiss"]
[EventRounds "7"]
[EventCountry "DEN"]
[SourceTitle "EXT 2023"]
[Source "ChessBase"]
[SourceDate "2022.10.05"]
[SourceVersion "1"]
[SourceVersionDate "2022.10.05"]
[SourceQuality "1"]

1. d4 d5 2. c4 Nf6 3. cxd5 Nxd5 4. e4 Nf6 5. Nc3 e6 6. Nf3 Nbd7 7. a3 Be7 8. Bd3 0-0 9. 0-0 b6 10. Qe2 Bb7 11. e5 Nd5 12. Qe4 f5 13. exf6 N7xf6 14. Qxe6+ Kh8 15. Ne5 Qe8 16. Bb5 Bc8 17. Qc6 Nxc3 18. bxc3 Qxc6 19. Bxc6 Rb8 20. Bg5 Bf5 21. Rfe1 h6 22. Bxf6 Bxf6 23. g4 Bxe5 24. dxe5 Bxg4 25. e6 Rf6 26. e7 Rxc6 27. e8Q+ Rxe8 28. Rxe8+ Kh7 29. Re3 Bh5 30. Rae1 Bg4 31. Kg2 Bf5 32. Re5 Bg6 33. R1e3 Rc4 34. Re7 h5 35. Rd7 Bf5 36. Rd4 Rc6 37. Rf4 Bg6 38. Rd4 Bf5 39. Rd5 Bg6 40. f4 Bf7 41. Rg5 Kh6 42. h4 Rc4 43. Kg3 Rc6 44. f5 g6 45. Rf3 Kg7 46. Re3 Kf6 47. fxg6 Bxg6 48. Rf3+ Kg7 49. Kh3 Kh6 50. Rfg3 Bc2 51. Rg8 Kh7 52. R8g7+ Kh6 53. Rg8 Kh7 54. Rf8 Bb3 55. Rd8 Be6+ 56. Kg2 Bg4 57. Re3 Kg7 58. Ra8 a5 59. Ra7 Kf7 60. Rd3 Ke7 61. Kg3 Bf5 62. Re3+ Kd6 63. Ra8 Rc4 64. Rd8+ Kc6 65. Rd4 Rc5 66. Kf4 Bg4 67. Ke4 Bf5+ 68. Kf4 Bg4 69. Kg3 Bf5 70. Kf2 Bg4 71. Ke1 b5 72. Kd2 Kb6 73. a4 bxa4 74. Rxa4 Kb5 75. Rae4 Rd5+ 76. Kc1 Rd1+ 77. Kc2 Rf1 78. Re5+ c5 79. Re1 Rf2+ 80. Kc1 Rh2 81. Re7 Rxh4 82. Rh7 Rh3 83. Rg1 Rxc3+ 84. Kb2 Rc4 85. Rb7+ Kc6 86. Rh7 a4 87. Rh6+ Kb5 88. Ka1 Rf4 89. Rb1+ Rb4 90. Re1 Rd4 91. Rb1+ Rb4 92. Rc1 Rb3 93. Rh8 c4 94. Rb8+ Kc5 95. Ra8 Rb4 96. Ra5+ Kb6 97. Rg5 Rb5 98. Rg6+ Kc5 99. Rg5+ Kb6 100. Rg6+ Ka5 101. Rxc4 Be2 102. Rc1 1/2-1/2

[Event "Lovfalds 15th E"]
[Site "Ringsted"]
[Date "2001.09.15"]
[Round "3"]
[White "Jensen, Soren3333"]
[Black "Petersen, Torben William"]
[Result "1/2-1/2"]
[WhiteElo "1510"]
[BlackElo "1286"]
[PlyCount "26"]
[EventDate "2001.09.14"]
[EventType "tourn"]
[EventRounds "5"]
[EventCountry "DEN"]
[SourceTitle "EXT 2023"]
[Source "ChessBase"]
[SourceDate "2022.10.05"]
[SourceVersion "1"]
[SourceVersionDate "2022.10.05"]
[SourceQuality "1"]

1. e4 c6 2. d4 d5 3. Nc3 dxe4 4. Nxe4 Bf5 5. Ng3 Bg6 6. Nf3 Nd7 7. Bd3 e6 8. Bf4 Bxd3 9. Qxd3 Ngf6 10. 0-0-0 Be7 11. h4 Qa5 12. Qb3 Qb6 13. Qxb6 Nxb6 1/2-1/2

[Event "Lovsprings op 12th C"]
[Site "Ringsted"]
[Date "2001.03.23"]
[Round "4"]
[White "Nilsson, Jonas Gosta"]
[Black "Petersen, Torben William"]
[Result "1/2-1/2"]
[WhiteElo "1558"]
[BlackElo "1389"]
[PlyCount "74"]
[EventDate "2001.03.02"]
[EventType "swiss"]
[EventRounds "7"]
[EventCountry "DEN"]
[SourceTitle "EXT 2023"]
[Source "ChessBase"]
[SourceDate "2022.10.05"]
[SourceVersion "1"]
[SourceVersionDate "2022.10.05"]
[SourceQuality "1"]

1. e4 d5 2. exd5 Qxd5 3. Nc3 Qa5 4. d4 Nf6 5. Bc4 Bf5 6. a3 c6 7. Bf4 e6 8. Nge2 Be7 9. 0-0 Nbd7 10. b4 Qd8 11. Bb3 0-0 12. Ng3 Bg6 13. Nce2 Re8 14. c4 a6 15. Re1 Nh5 16. Nxh5 Bxh5 17. f3 Bf6 18. Ng3 Bg6 19. Ne4 Bxe4 20. fxe4 e5 21. Be3 exd4 22. Bxd4 Bxd4+ 23. Qxd4 Ne5 24. Rad1 Qxd4+ 25. Rxd4 Rad8 26. Red1 Rxd4 27. Rxd4 f6 28. h3 Kf8 29. c5 Ke7 30. Kf2 Rd8 31. Rxd8 Kxd8 32. Be6 Kc7 33. Ke3 b6 34. Kd4 b5 35. Bb3 Kb7 36. a4 h6 37. a5 Kc7 1/2-1/2

[Event "Lovsprings op 12th C"]
[Site "Ringsted"]
[Date "2001.03.09"]
[Round "2"]
[White "Jensen, Soren3333"]
[Black "Petersen, Torben William"]
[Result "1-0"]
[WhiteElo "1501"]
[BlackElo "1389"]
[PlyCount "53"]
[EventDate "2001.03.02"]
[EventType "swiss"]
[EventRounds "7"]
[EventCountry "DEN"]
[SourceTitle "EXT 2023"]
[Source "ChessBase"]
[SourceDate "2022.10.05"]
[SourceVersion "1"]
[SourceVersionDate "2022.10.05"]
[SourceQuality "1"]

1. e4 d5 2. exd5 Qxd5 3. Nf3 Nf6 4. b3 Bg4 5. Nc3 Qa5 6. h3 Bf5 7. Bb2 e6 8. Bc4 Be7 9. Nh4 Bg6 10. Nxg6 hxg6 11. Qf3 c6 12. Ne4 Nbd7 13. Bc3 Qc7 14. 0-0-0 Nxe4 15. Qxe4 Bf6 16. Rhe1 0-0-0 17. Qe3 Bxc3 18. dxc3 Nf6 19. Qxa7 Nd7 20. Qa3 Qf4+ 21. Kb1 Qxf2 22. Rf1 Qxg2 23. Rxf7 Qxh3 24. Qd6 Rhf8 25. Bxe6 Rxf7 26. Bxh3 g5 27. Be6 1-0

[Event "Lovfalds 14th E"]
[Site "Ringsted"]
[Date "2000.09.17"]
[Round "4"]
[White "Jorgensen, Morten"]
[Black "Petersen, Torben William"]
[Result "1-0"]
[WhiteElo "1386"]
[BlackElo "1466"]
[PlyCount "67"]
[EventDate "2000.09.15"]
[EventType "tourn"]
[EventRounds "5"]
[EventCountry "DEN"]
[SourceTitle "EXT 2023"]
[Source "ChessBase"]
[SourceDate "2022.10.05"]
[SourceVersion "1"]
[SourceVersionDate "2022.10.05"]
[SourceQuality "1"]

1. d4 Nc6 2. Nf3 d6 3. c4 Bg4 4. e3 Nf6 5. Be2 e6 6. 0-0 d5 7. b3 Nb8 8. Nc3 c6 9. Bb2 Bd6 10. c5 Bc7 11. Nd2 Bxe2 12. Qxe2 Nbd7 13. b4 a6 14. a4 0-0 15. b5 e5 16. b6 Bb8 17. Rae1 e4 18. f3 Nh5 19. Qf2 f5 20. Nb3 a5 21. f4 g5 22. g3 gxf4 23. gxf4 Rf7 24. Kh1 Ndf6 25. Rg1+ Ng7 26. Rg5 Ng4 27. Qh4 Qf8 28. h3 Nxe3 29. Rxe3 Kh8 30. Ne2 Ne6 31. Rg2 Rf6 32. Reg3 Ng5 33. Rxg5 Bxf4 34. Rg8+ 1-0

[Event "Southcoast Autumn D"]
[Site "Greve"]
[Date "1999.10.24"]
[Round "5"]
[White "Petersen, Torben William"]
[Black "Hansen, Henning"]
[Result "0-1"]
[WhiteElo "1549"]
[BlackElo "1512"]
[PlyCount "36"]
[EventDate "1999.10.22"]
[EventType "tourn"]
[EventRounds "5"]
[EventCountry "DEN"]
[SourceTitle "EXT 2023"]
[Source "ChessBase"]
[SourceDate "2022.10.05"]
[SourceVersion "1"]
[SourceVersionDate "2022.10.05"]
[SourceQuality "1"]

1. d4 Nf6 2. Bg5 d5 3. Bxf6 exf6 4. e3 Bf5 5. c4 c6 6. Qb3 Qd7 7. Nc3 dxc4 8. Bxc4 Bd6 9. d5 0-0 10. Nf3 Na6 11. Bxa6 bxa6 12. dxc6 Qxc6 13. Qa4 Qb7 14. b3 Rac8 15. Rc1 Bb4 16. 0-0 Bd7 17. Nb5 Qxb5 18. Qxb5 axb5 0-1

[Event "Lovsprings op 10th C"]
[Site "Ringsted"]
[Date "1998.05.15"]
[Round "6"]
[White "Jensen, Soren3333"]
[Black "Petersen, Torben William"]
[Result "1/2-1/2"]
[WhiteElo "1306"]
[BlackElo "1398"]
[PlyCount "104"]
[EventDate "1998.03.13"]
[EventType "swiss"]
[EventRounds "7"]
[EventCountry "DEN"]
[SourceTitle "EXT 2023"]
[Source "ChessBase"]
[SourceDate "2022.10.05"]
[SourceVersion "1"]
[SourceVersionDate "2022.10.05"]
[SourceQuality "1"]

1. e4 Nc6 2. Nf3 d6 3. d4 e5 4. d5 Nce7 5. Nc3 Ng6 6. Bb5+ Bd7 7. Qd3 Nf6 8. Bg5 Be7 9. Bxd7+ Qxd7 10. Qb5 a6 11. Qxd7+ Kxd7 12. Bxf6 Bxf6 13. 0-0 h5 14. Ne2 Nf4 15. Ng3 h4 16. Nf5 g6 17. Ne3 Be7 18. g3 hxg3 19. fxg3 Nh3+ 20. Kg2 Ng5 21. h4 Nxe4 22. Nc4 f5 23. Nfd2 Nxd2 24. Nxd2 e4 25. Rae1 Bf6 26. c3 b5 27. Nxe4 Bxh4 28. gxh4 fxe4 29. Rxe4 Rae8 30. Rff4 Re5 31. Rf7+ Kc8 32. Rxe5 dxe5 33. Kg3 e4 34. Rf6 Rh5 35. Rxg6 Rxd5 36. Rf6 Re5 37. Kf2 e3+ 38. Ke1 Re4 39. Rf3 Rxh4 40. Rxe3 Rh1+ 41. Kd2 Kd7 42. a3 c5 43. Rg3 Rh2+ 44. Kc1 Re2 45. Rg5 Kd6 46. Rg4 Kd5 47. a4 Re4 48. Rg6 Rxa4 49. b3 Ra5 50. Kb2 Ke4 51. Rg5 b4 52. cxb4 Rb5 1/2-1/2

[Event "Lovsprings op 08th D"]
[Site "Ringsted"]
[Date "1996.03.15"]
[Round "2"]
[White "Laugesen, Kristian"]
[Black "Petersen, Torben William"]
[Result "1-0"]
[WhiteElo "1356"]
[BlackElo "1248"]
[PlyCount "55"]
[EventDate "1996.03.08"]
[EventType "swiss"]
[EventRounds "7"]
[EventCountry "DEN"]
[SourceTitle "EXT 2023"]
[Source "ChessBase"]
[SourceDate "2022.10.05"]
[SourceVersion "1"]
[SourceVersionDate "2022.10.05"]
[SourceQuality "1"]

1. e4 c6 2. Nf3 d5 3. exd5 Qxd5 4. Nc3 Qa5 5. Bc4 Nf6 6. 0-0 Bf5 7. d3 e6 8. Bd2 Be7 9. Nb5 Qd8 10. Nbd4 Bg4 11. c3 Nbd7 12. Qc2 Qc7 13. Ng5 0-0 14. Bxe6 Bxe6 15. Ndxe6 fxe6 16. Nxe6 Qb6 17. Nxf8 Rxf8 18. Rae1 Bd6 19. d4 Ng4 20. g3 c5 21. Qe4 Ndf6 22. Qe6+ Kh8 23. dxc5 Qxc5 24. Be3 Qh5 25. h4 Nxe3 26. Qxd6 Qf7 27. Rxe3 Kg8 28. Qe6 1-0

[Event "Lovsprings op 07th D"]
[Site "Ringsted"]
[Date "1995.03.17"]
[Round "2"]
[White "Nielsen, Kurt"]
[Black "Petersen, Torben William"]
[Result "1-0"]
[WhiteElo "1393"]
[BlackElo "1305"]
[PlyCount "47"]
[EventDate "1995.03.10"]
[EventType "swiss"]
[EventRounds "7"]
[EventCountry "DEN"]
[SourceTitle "EXT 2023"]
[Source "ChessBase"]
[SourceDate "2022.10.05"]
[SourceVersion "1"]
[SourceVersionDate "2022.10.05"]
[SourceQuality "1"]

1. Nf3 Nf6 2. c4 e6 3. d4 d5 4. Nc3 c6 5. a3 Nbd7 6. Bf4 Be7 7. h3 dxc4 8. e3 b5 9. Be2 0-0 10. 0-0 Nb6 11. Ne5 Bb7 12. Bf3 Nbd5 13. Bh2 Nxc3 14. bxc3 Nd5 15. Qc2 f6 16. Ng4 Bd6 17. e4 Bxh2+ 18. Nxh2 Nf4 19. Rfd1 Qe7 20. Nf1 e5 21. Ne3 Rad8 22. Nf5 Qf7 23. Rd2 Qg6 24. Ne7+ 1-0

[Event "Lovfalds 08th E"]
[Site "Ringsted"]
[Date "1994.09.30"]
[Round "5"]
[White "Jorgensen, Morten"]
[Black "Petersen, Torben William"]
[Result "0-1"]
[WhiteElo "1438"]
[BlackElo "1511"]
[PlyCount "94"]
[EventDate "1994.09.02"]
[EventType "tourn"]
[EventRounds "5"]
[EventCountry "DEN"]
[SourceTitle "EXT 2023"]
[Source "ChessBase"]
[SourceDate "2022.10.05"]
[SourceVersion "1"]
[SourceVersionDate "2022.10.05"]
[SourceQuality "1"]

1. d4 d5 2. c4 e6 3. Nc3 c6 4. e3 Nd7 5. Nf3 Bd6 6. cxd5 exd5 7. Bd3 Ngf6 8. Qc2 0-0 9. 0-0 Re8 10. Re1 Qc7 11. Bd2 Nf8 12. Rac1 Ng6 13. Bxg6 fxg6 14. Nb5 Qe7 15. Nxd6 Qxd6 16. Ne5 Bf5 17. Qd1 Rxe5 18. dxe5 Qxe5 19. Bc3 Qe7 20. h3 Ne4 21. Qe2 Rf8 22. Rf1 h5 23. Be1 Ng5 24. h4 Ne4 25. f3 Nf6 26. Qd2 Re8 27. Bf2 Nd7 28. Rfe1 g5 29. e4 dxe4 30. fxe4 Bg6 31. hxg5 a6 32. a3 Ne5 33. Qe2 Ng4 34. Rc4 Qe5 35. g3 Rf8 36. Rf1 Qxg5 37. Bc5 Rxf1+ 38. Qxf1 Ne3 39. Bxe3 Qxe3+ 40. Qf2 Qd3 41. Rd4 Qb1+ 42. Kh2 Bxe4 43. Kh3 Qh1+ 44. Qh2 Bg2+ 45. Kh4 Qxh2+ 46. Kg5 Qxg3+ 47. Kxh5 Qe5+ 0-1

[Event "Lovfalds 08th E"]
[Site "Ringsted"]
[Date "1994.09.09"]
[Round "2"]
[White "Sejersen, Villum"]
[Black "Petersen, Torben William"]
[Result "1-0"]
[WhiteElo "1465"]
[BlackElo "1511"]
[PlyCount "99"]
[EventDate "1994.09.02"]
[EventType "tourn"]
[EventRounds "5"]
[EventCountry "DEN"]
[SourceTitle "EXT 2023"]
[Source "ChessBase"]
[SourceDate "2022.10.05"]
[SourceVersion "1"]
[SourceVersionDate "2022.10.05"]
[SourceQuality "1"]

1. c4 Nf6 2. d4 e6 3. Nc3 d5 4. Nf3 c6 5. e3 Nbd7 6. cxd5 cxd5 7. Bd3 Bb4 8. Bd2 b6 9. a3 Be7 10. Rc1 Bb7 11. Nb5 0-0 12. Qe2 Ba6 13. 0-0 Bxb5 14. Bxb5 Bd6 15. Rc2 Rc8 16. Rfc1 Rxc2 17. Rxc2 e5 18. dxe5 Nxe5 19. Nxe5 Bxe5 20. Bc3 Bxc3 21. Rxc3 Ne4 22. Rc2 f5 23. f3 Nd6 24. Bc6 Nc4 25. Qd3 Nxe3 26. Qxe3 d4 27. Qb3+ Kh8 28. Bb5 Qe7 29. Re2 Qc5 30. Qd3 Qc1+ 31. Kf2 Qc5 32. Re8 Rxe8 33. Bxe8 Qe5 34. Ba4 f4 35. Qe4 Qxe4 36. fxe4 d3 37. Ke1 g5 38. Bd7 h5 39. h3 Kg7 40. Kd2 Kf6 41. Kxd3 Ke5 42. Be8 g4 43. hxg4 hxg4 44. Bh5 g3 45. Bf3 b5 46. b4 a6 47. Bg4 f3 48. Bxf3 Ke6 49. Kd4 Kd6 50. e5+ 1-0